00480nam a22001577a 4500008004100000020001500041040001500056050002600071100002700097245007400124260004500198300001600243650002600259650001500285700002200300200316b xxu||||| |||| 00| 0 eng d a1292021317 aKABUcKABU aQA278b.T33 2014 c. 1 aTabachnick, Barbara G. aUsing multivariate statisticscBarbara G. Tabachnick, Linda S. Fidell aEnglandbPearson Education Limitedc2014 aii, 1056 p. aMultivariate analysis aStatistics aFidell, Linda S.